Sciences par lettre - C - Statistiques

Statistiques générales
  • Ce quiz a été pris 305 fois
  • Le résultat moyen est 12 sur 20
Statistiques - réponses
Indices Réponses % Correct
Élément chimique (de symbole "C") dont l'isotope 14C est utilisé pour la datation d'objets Carbone
92%
Médecin spécialiste des maladies du cœur et des troubles cardio-vasculaires Cardiologue
91%
Siège des facultés intellectuelles et organe principal du système nerveux central Cerveau
90%
Groupement d'étoiles formant un motif plus ou moins reconnaissable dans le ciel, à l'image de la Grande Ourse Constellation
78%
Structure constituée d'ADN et de protéines, généralement présente dans le noyau des cellules au nombre de 46 Chromosome
77%
Dans un triangle rectangle, il est égal au rapport côté adjacent hypoténuse Cosinus
77%
Dans une pile, elle désigne l'électrode - de polarité positive - où se produit une réaction de réduction Cathode
68%
Dernière période géologique de l'ère Mésozoïque, notamment marquée par la disparition des dinosaures non-aviens Crétacé
67%
Astronome polonais, prénommé Nicolas, ayant développé et défendu la théorie de l'héliocentrisme Copernic
64%
Roche sédimentaire principalement composée de carbonate de calcium Calcaire
63%
Petit fichier informatique stocké (sur ordinateur / tablette / smartphone…) lors de la consultation d'un site internet Cookie
60%
Nuage blanc de basse altitude (< 2 km), à l'aspect boursouflé et aux contours nets, souvent associé au beau temps Cumulus
59%
Dépression circulaire d'un volcan par laquelle s'échappent les matières (lave, éjectas, gaz…) en fusion Cratère
58%
Ils constituent, avec les bâtonnets, l'autre grand type de cellules photoréceptrices de la rétine Cônes
54%
Unité (de symbole "C") de charge électrique du Système international Coulomb
54%
Mammifère originaire d'Amérique du Sud, considéré comme le plus grand rongeur du monde Capybara
50%
Quantité d'énergie, équivalente à 4,18 J, nécessaire pour élever de 1 °C la température de 1 g d'eau liquide Calorie
43%
Méthode physico-chimique, sur couche mince par exemple, permettant de séparer les différents constituants d'un mélange par migration différentielle entre une phase mobile et une phase stationnaire Chromatographie
36%
Appareil servant à mesurer la conductivité électrique d'une solution Conductimètre
33%
Triplet de nucléotides, communément appelé "_____", codant pour un acide aminé spécifique Codon
30%
Aucun quiz correspondant
Distribution des résultats
% des personnes avec chaque résultat
Percentile par nombre de réponses
Votre historique - résultats
Vous n’avez pas pris ce quiz